Central Library OPAC University of Rajshahi
Normal view MARC view

Entry Topical Term

Number of records used in: 3

001 - CONTROL NUMBER

  • control field: 9565

003 - CONTROL NUMBER IDENTIFIER

  • control field: BD-RjUL

005 - DATE AND TIME OF LATEST TRANSACTION

  • control field: 20231016103944.0

008 - FIXED-LENGTH DATA ELEMENTS

  • fixed length control field: 231016|| aca||aabn | a|a d

040 ## - CATALOGING SOURCE

  • Original cataloging agency: BD-RjUL
  • Transcribing agency: BD-RjUL

150 ## - HEADING--TOPICAL TERM

  • Topical term or geographic name entry element: Political geography

670 ## - SOURCE DATA FOUND

  • Source citation: Work cat.: (BD-RjUL)82118: Jones, Martin, 1970- 9564, An introduction to political geography :